[Event "PUR-ch"]
[Site "Guaynabo"]
[Date "2020.12.12"]
[Round "6"]
[White "Matta Calvente, Marcel"]
[Black "Freyre Forest, Jorge"]
[Result "0-1"]
[WhiteElo "1834"]
[BlackElo "2008"]
[PlyCount "100"]
[EventDate "2020.12.04"]
[EventType "tourn"]
[EventRounds "9"]
[EventCountry "PUR"]
[SourceTitle "EXT 2022"]
[Source "ChessBase"]
[SourceDate "2021.10.06"]
[SourceVersion "1"]
[SourceVersionDate "2021.10.06"]
[SourceQuality "1"]

1. c4 Nf6 2. g3 g6 3. Bg2 Bg7 4. Nc3 0-0 5. e4 d6 6. Nge2 e5 7. 0-0 c6 8. d4 Na6 9. h3 Qe7 10. Be3 exd4 11. Bxd4 Be6 12. b3 Ne8 13. f4 f5 14. Qd2 Nc5 15. exf5 gxf5 16. Rae1 Qd7 17. Bxg7 Nxg7 18. Nd4 Bf7 19. Rd1 Rad8 20. Rfe1 a5 21. Nf3 Bh5 22. Re3 Nce6 23. Rd3 Ne8 24. Ne2 Nc5 25. Re3 Qc7 26. Nc3 Nf6 27. Kh2 Nfe4 28. Qe1 Qg7 29. Rc1 Rde8 30. Rc2 Nxc3 31. Qxc3 Rxe3 32. Qxe3 Re8 33. Qd4 Bxf3 34. Qxg7+ Kxg7 35. Bxf3 Re3 36. Kg2 Nd3 37. Re2 Rxe2+ 38. Bxe2 Nc1 39. Kf3 Nxa2 40. Bd3 Kf6 41. g4 fxg4+ 42. Kxg4 h6 43. Kh5 Kg7 44. Kg4 Nc1 45. Bb1 Nxb3 46. f5 Nd2 47. Ba2 b5 48. cxb5 cxb5 49. Kf4 b4 50. Bd5 b3 0-1

[Event "PUR-ch"]
[Site "Guaynabo"]
[Date "2020.12.05"]
[Round "2"]
[White "Diaz Montes, Edwin"]
[Black "Freyre Forest, Jorge"]
[Result "1/2-1/2"]
[WhiteElo "2046"]
[BlackElo "2008"]
[PlyCount "99"]
[EventDate "2020.12.04"]
[EventType "tourn"]
[EventRounds "9"]
[EventCountry "PUR"]
[SourceTitle "EXT 2022"]
[Source "ChessBase"]
[SourceDate "2021.10.06"]
[SourceVersion "1"]
[SourceVersionDate "2021.10.06"]
[SourceQuality "1"]

1. e4 d5 2. exd5 Nf6 3. c4 c6 4. Nc3 g6 5. d4 cxd5 6. cxd5 Bg7 7. Bc4 0-0 8. Nge2 Nbd7 9. Bb3 Nb6 10. Nf4 Bg4 11. f3 Bd7 12. h4 h5 13. Be3 Bf5 14. Qe2 Rc8 15. Rc1 a6 16. g3 Qd6 17. Rg1 Bh6 18. Kf2 Kh7 19. Rge1 Rc7 20. Bd2 Rfc8 21. Ne4 Nxe4+ 22. fxe4 Rxc1 23. Rxc1 Rxc1 24. Bxc1 Bg4 25. Qc2 Nd7 26. Be3 Qb6 27. e5 Bf5 28. Qc4 Qa5 29. d6 e6 30. Qa4 Qd8 31. Qb4 b5 32. Qc3 Nb6 33. Qa5 Qb8 34. Qxa6 Nc4 35. d7 Nxe3 36. Kxe3 Qc7 37. Qc8 Qa5 38. Qc3 Qd8 39. Bc2 Qxd7 40. Bxf5 gxf5 41. Kf3 Bxf4 42. gxf4 Qd8 43. Kg3 Qg8+ 44. Kh2 Qg4 45. Qg3 Qe2+ 46. Qg2 Qe1 47. Qg5 Qf2+ 48. Kh3 Qf3+ 49. Qg3 Qf1+ 50. Kh2 1/2-1/2

[Event "PUR-ch"]
[Site "Guaynabo"]
[Date "2020.12.05"]
[Round "3"]
[White "Freyre Forest, Jorge"]
[Black "Almedina Ortiz, Edgardo J"]
[Result "0-1"]
[WhiteElo "2008"]
[BlackElo "2203"]
[PlyCount "126"]
[EventDate "2020.12.04"]
[EventType "tourn"]
[EventRounds "9"]
[EventCountry "PUR"]
[SourceTitle "EXT 2022"]
[Source "ChessBase"]
[SourceDate "2021.10.06"]
[SourceVersion "1"]
[SourceVersionDate "2021.10.06"]
[SourceQuality "1"]

1. d4 Nf6 2. Bf4 g6 3. Nc3 c5 4. d5 Qa5 5. Qd2 b5 6. f3 b4 7. Nd1 Ba6 8. e4 Bxf1 9. Kxf1 d6 10. Ne2 Nbd7 11. a3 Bg7 12. Bh6 0-0 13. Bxg7 Kxg7 14. Ne3 Rab8 15. Kf2 Qc7 16. b3 Ne5 17. Ra2 a5 18. axb4 Rxb4 19. Rha1 Rxe4 20. Qxa5 Qxa5 21. Rxa5 Rb4 22. Ra7 Ned7 23. R1a3 Rfb8 24. Nc1 R4b7 25. Rxb7 Rxb7 26. c4 e6 27. dxe6 fxe6 28. Ra6 Ne8 29. Ke2 Nb8 30. Ra3 Nc7 31. Nd3 Nc6 32. Nc2 Kf6 33. Kd2 Rb6 34. Kc3 Na6 35. Ne3 Nd4 36. Nc2 Nc6 37. Ne3 Nab4 38. Ng4+ Kf5 39. Ngf2 Nd4 40. Nc1 h5 41. Ra7 d5 42. Rf7+ Ke5 43. Nfd3+ Nxd3 44. Nxd3+ Kd6 45. Nc1 dxc4 46. Kxc4 Nf5 47. Rf6 Ne3+ 48. Kd3 Nxg2 49. Kd2 Nh4 50. Rf4 Nf5 51. Kc3 Nd4 52. Rf8 Ke7 53. Ra8 Nxf3 54. Ra2 Nd4 55. Rg2 Kf6 56. Rf2+ Kg7 57. Kc4 Rb8 58. Kxc5 Nxb3+ 59. Nxb3 Rxb3 60. Kd6 Re3 61. Ke7 Re5 62. Rg2 g5 63. Kd6 Kf6 0-1

[Event "Olympiad-43"]
[Site "Batumi"]
[Date "2018.10.03"]
[Round "9.4"]
[White "Methu, Joseph Muraga"]
[Black "Freyre Forest, Jorge"]
[Result "1-0"]
[WhiteElo "2041"]
[BlackElo "2016"]
[PlyCount "79"]
[EventDate "2018.09.24"]
[EventType "team-swiss"]
[EventRounds "11"]
[EventCountry "GEO"]
[SourceTitle "CBM 187"]
[Source "ChessBase"]
[SourceDate "2018.12.11"]
[SourceVersion "1"]
[SourceVersionDate "2018.12.11"]
[SourceQuality "1"]
[WhiteTeam "Kenya"]
[BlackTeam "Puerto Rico"]
[WhiteTeamCountry "KEN"]
[BlackTeamCountry "PUR"]

1. d4 e6 2. c4 f5 3. Nc3 Nf6 4. g3 c6 5. Bg2 d5 6. Nf3 Bd6 7. 0-0 0-0 8. Qb3 a5 9. Ne5 Ne4 10. cxd5 Nxc3 11. bxc3 a4 12. Qc2 exd5 13. f4 Be6 14. Rb1 b5 15. Be3 Qc7 16. Qd3 Nd7 17. Kh1 Rab8 18. Bf3 Nf6 19. Rg1 Ng4 20. h3 Nxe3 21. Qxe3 Rbe8 22. Qd2 Bxe5 23. fxe5 Qe7 24. Rbf1 Kh8 25. Rf2 g5 26. Rgf1 Qg7 27. Kg1 Qh6 28. Bg2 Qg7 29. Qc1 Rg8 30. Qa3 Qd7 31. Qc5 Rc8 32. g4 f4 33. e3 Rcf8 34. exf4 gxf4 35. Rxf4 Rxf4 36. Rxf4 h5 37. Rf6 hxg4 38. h4 g3 39. Qa3 Rg7 40. Qf8+ 1-0

[Event "Olympiad-43"]
[Site "Batumi"]
[Date "2018.09.30"]
[Round "6.65"]
[White "Taieb, Sahbi"]
[Black "Freyre Forest, Jorge"]
[Result "1/2-1/2"]
[WhiteElo "2146"]
[BlackElo "2016"]
[PlyCount "117"]
[EventDate "2018.09.24"]
[EventType "team-swiss"]
[EventRounds "11"]
[EventCountry "GEO"]
[SourceTitle "CBM 187"]
[Source "ChessBase"]
[SourceDate "2018.12.11"]
[SourceVersion "1"]
[SourceVersionDate "2018.12.11"]
[SourceQuality "1"]
[WhiteTeam "Tunisia"]
[BlackTeam "Puerto Rico"]
[WhiteTeamCountry "TUN"]
[BlackTeamCountry "PUR"]

1. e4 e6 2. d3 c5 3. Nf3 Nc6 4. g3 g6 5. Bg2 Bg7 6. Nc3 Nge7 7. Be3 Nd4 8. Qd2 d6 9. 0-0 e5 10. Ne2 Nxf3+ 11. Bxf3 Bh3 12. Bg2 Bxg2 13. Kxg2 0-0 14. b4 b6 15. f3 cxb4 16. Qxb4 d5 17. Qb3 Qd7 18. a4 d4 19. Bd2 Nc6 20. Qb5 Rfd8 21. f4 Ne7 22. fxe5 Rac8 23. Qb3 Qe6 24. Bg5 Qxb3 25. cxb3 Rc2 26. Bxe7 Rxe2+ 27. Rf2 Rxf2+ 28. Kxf2 Rc8 29. a5 Bxe5 30. axb6 axb6 31. Ra6 Rc2+ 32. Kf3 Rd2 33. Rxb6 Rxd3+ 34. Ke2 Rc3 35. Rb5 f6 36. b4 Rc2+ 37. Kd3 Rc3+ 38. Kd2 Rb3 39. Rd5 Kf7 40. Bc5 Ke6 41. Rd8 h5 42. Kc2 Rc3+ 43. Kd2 Rb3 44. Kc2 Rc3+ 45. Kd2 Rb3 46. Rg8 g5 47. Rg7 Bd6 48. Rh7 Bxc5 49. bxc5 Rc3 50. Rxh5 Rxc5 51. Rh8 Rc3 52. Rd8 Ra3 53. Rxd4 Ra2+ 54. Ke3 Rxh2 55. Ra4 Rb2 56. Ra6+ Ke5 57. Ra5+ Ke6 58. Ra6+ Ke5 59. Ra5+ 1/2-1/2

[Event "San Sebastian Mendez Memorial 1st"]
[Site "San Sebastian del Pepino"]
[Date "2014.01.18"]
[Round "2"]
[White "Machin Rivera, Mark"]
[Black "Freyre Forest, Jorge"]
[Result "1-0"]
[WhiteElo "2359"]
[BlackElo "2126"]
[PlyCount "51"]
[EventDate "2014.01.17"]
[EventType "swiss"]
[EventRounds "7"]
[EventCountry "PUR"]
[SourceTitle "CBM 158 Extra"]
[Source "ChessBase"]
[SourceDate "2014.02.28"]
[SourceVersion "1"]
[SourceVersionDate "2014.02.28"]
[SourceQuality "1"]

1. c4 Nf6 2. g3 g6 3. Bg2 Bg7 4. Nc3 0-0 5. d3 c6 6. e4 e5 7. Nge2 d6 8. 0-0 Be6 9. b3 Qc8 10. f4 Bh3 11. Ba3 Bxg2 12. Kxg2 Rd8 13. d4 Ng4 14. Qd3 Na6 15. Rad1 exd4 16. Nxd4 Nc5 17. Qf3 h5 18. Nde2 Bf8 19. h3 Nh6 20. f5 Qc7 21. Nf4 gxf5 22. Nxh5 Nd7 23. exf5 Ne5 24. Qf4 Qe7 25. Ne4 Kh7 26. Bxd6 1-0

[Event "PUR-ch"]
[Site "Bayamon"]
[Date "2013.06.02"]
[Round "9"]
[White "Berrios Echevarria, Gabriel"]
[Black "Freyre Forest, Jorge"]
[Result "1/2-1/2"]
[WhiteElo "2200"]
[BlackElo "2105"]
[PlyCount "54"]
[EventDate "2013.05.24"]
[EventType "swiss"]
[EventRounds "9"]
[EventCountry "PUR"]
[SourceTitle "CBM 154 Extra"]
[Source "ChessBase"]
[SourceDate "2013.06.25"]
[SourceVersion "2"]
[SourceVersionDate "2013.06.25"]
[SourceQuality "1"]

1. c4 Nf6 2. g3 d6 3. Bg2 g6 4. d4 Bg7 5. Nc3 0-0 6. Nf3 Nbd7 7. 0-0 e5 8. e4 a5 9. d5 Nc5 10. Ne1 Nfd7 11. Nd3 Nxd3 12. Qxd3 Nc5 13. Qe2 f5 14. exf5 Bxf5 15. Ne4 Nxe4 16. Bxe4 Bxe4 17. Qxe4 b6 18. Be3 Qd7 19. b3 Qf5 20. f3 h5 21. Rac1 Kh7 22. Rc2 Bh6 23. Bxh6 Qxe4 24. fxe4 Rxf1+ 25. Kxf1 Kxh6 26. Rf2 Kg7 27. a4 Rf8 1/2-1/2

[Event "PUR-ch"]
[Site "Bayamon"]
[Date "2013.05.26"]
[Round "5"]
[White "Montanez Nazario, Robert"]
[Black "Freyre Forest, Jorge"]
[Result "0-1"]
[WhiteElo "2134"]
[BlackElo "2105"]
[PlyCount "62"]
[EventDate "2013.05.24"]
[EventType "swiss"]
[EventRounds "9"]
[EventCountry "PUR"]
[SourceTitle "CBM 154 Extra"]
[Source "ChessBase"]
[SourceDate "2013.06.25"]
[SourceVersion "2"]
[SourceVersionDate "2013.06.25"]
[SourceQuality "1"]

1. e4 e6 2. Nc3 d5 3. d4 Bb4 4. Bd2 dxe4 5. Qg4 Nf6 6. Qxg7 Rg8 7. Qh6 Rg6 8. Qh4 Nbd7 9. 0-0-0 Bxc3 10. Bxc3 Nd5 11. Qxe4 Nxc3 12. bxc3 Qe7 13. Bd3 Qg5+ 14. Qe3 Qxe3+ 15. fxe3 Rxg2 16. Bxh7 f5 17. Nh3 Rg7 18. Nf4 Rxh7 19. Nxe6 Nf6 20. Nf4 Bd7 21. h4 0-0-0 22. Rdg1 Re8 23. Rg6 Ng4 24. h5 Rxe3 25. h6 Be8 26. Rg8 Rxh6 27. Rf1 Nf6 28. Rf8 Kd7 29. Rg1 c6 30. Rg7+ Re7 31. Rg5 Nh7 0-1

[Event "PUR-ch"]
[Site "Bayamon"]
[Date "2013.05.24"]
[Round "1"]
[White "Lugo Medina, Joan"]
[Black "Freyre Forest, Jorge"]
[Result "0-1"]
[WhiteElo "1674"]
[BlackElo "2105"]
[PlyCount "73"]
[EventDate "2013.05.24"]
[EventType "swiss"]
[EventRounds "9"]
[EventCountry "PUR"]
[SourceTitle "CBM 154 Extra"]
[Source "ChessBase"]
[SourceDate "2013.06.25"]
[SourceVersion "2"]
[SourceVersionDate "2013.06.25"]
[SourceQuality "1"]

1. e4 e6 2. d4 d5 3. exd5 exd5 4. Be2 Bd6 5. Nf3 Ne7 6. 0-0 0-0 7. Nc3 c6 8. Bg5 f6 9. Bh4 a5 10. Nd2 Nf5 11. Nf3 Na6 12. Bg3 b5 13. Bxd6 Nxd6 14. a3 Nc7 15. h3 Ne6 16. Nh2 Qb6 17. Nf3 Nf5 18. Re1 Ra7 19. Bf1 Nfxd4 20. Nxd4 Qxd4 21. Bd3 Qh4 22. Bf5 Nf4 23. Bxc8 Rxc8 24. Qf3 Ng6 25. Qf5 Raa8 26. Re6 Qf4 27. Qd3 Ne5 28. Qd1 Qf5 29. Re7 Kf8 30. Rb7 Rd8 31. Qd4 Rd7 32. Qc5+ Kg8 33. Rxd7 Qxd7 34. Rd1 Rd8 35. Qb6 Nc4 36. Qd4 Nxb2 37. Qd2 0-1

[Event "Puerto Rico-ch"]
[Site "Puerto Rico"]
[Date "2007.07.14"]
[Round "2"]
[White "Freyre Forest, Jorge"]
[Black "Santa Torres, Juan"]
[Result "1/2-1/2"]
[WhiteElo "2165"]
[BlackElo "2225"]
[PlyCount "25"]
[EventDate "2007.07.13"]
[EventType "tourn"]
[EventRounds "11"]
[EventCountry "PUR"]
[SourceTitle "EXT 2010"]
[Source "ChessBase"]
[SourceDate "2010.11.25"]
[SourceVersion "1"]
[SourceVersionDate "2010.11.25"]
[SourceQuality "1"]

1. Nf3 d6 2. d4 Nf6 3. Nbd2 g6 4. b3 Bg7 5. Bb2 0-0 6. e3 b6 7. Bd3 Bb7 8. Qe2 c5 9. 0-0 Nbd7 10. Ba6 Bxa6 11. Qxa6 Qc8 12. Qxc8 Rfxc8 13. c4 1/2-1/2

[Event "PUR-ch"]
[Site "San Juan"]
[Date "1999.??.??"]
[Round "?"]
[White "Freyre Forest, Jorge"]
[Black "Santana Otero, Orlando"]
[Result "1/2-1/2"]
[WhiteElo "2270"]
[BlackElo "2220"]
[PlyCount "49"]
[EventDate "1999.??.??"]
[EventType "tourn"]
[EventRounds "11"]
[EventCountry "PUR"]
[SourceTitle "EXT 2000"]
[Source "ChessBase"]
[SourceDate "1999.11.16"]
[SourceVersion "1"]
[SourceVersionDate "1999.11.16"]
[SourceQuality "1"]

1. Nf3 g6 2. g3 Bg7 3. Bg2 c5 4. 0-0 Nc6 5. c3 e5 6. e4 d6 7. d3 Nge7 8. Be3 0-0 9. Nh4 Be6 10. Qd2 Qd7 11. Na3 Bh3 12. Nc2 Bxg2 13. Nxg2 d5 14. f3 b6 15. Bh6 Rad8 16. Bxg7 Kxg7 17. Qe2 dxe4 18. dxe4 Qd3 19. Qxd3 Rxd3 20. Rad1 Rfd8 21. Rxd3 Rxd3 22. Nce3 f5 23. Rd1 Rxd1+ 24. Nxd1 fxe4 25. fxe4 1/2-1/2

[Event "Olympiad-33"]
[Site "Elista"]
[Date "1998.10.07"]
[Round "9.3"]
[White "Freyre Forest, Jorge"]
[Black "Al Saadi, Jumaa A Gatea"]
[Result "0-1"]
[WhiteElo "2215"]
[BlackElo "2125"]
[PlyCount "110"]
[EventDate "1998.09.29"]
[EventType "team-swiss"]
[EventRounds "13"]
[EventCountry "RUS"]
[SourceTitle "CBM 068"]
[Source "ChessBase"]
[SourceDate "1999.02.01"]
[SourceVersion "1"]
[SourceVersionDate "1999.02.01"]
[SourceQuality "1"]
[WhiteTeam "Puerto Rico"]
[BlackTeam "Iraq"]
[WhiteTeamCountry "PUR"]
[BlackTeamCountry "IRQ"]

1. e4 c5 2. c3 d5 3. exd5 Qxd5 4. d4 Nf6 5. Nf3 e6 6. Na3 cxd4 7. Nb5 Na6 8. Qxd4 Qxd4 9. Nbxd4 Nc7 10. Bf4 Ncd5 11. Be5 a6 12. Bd3 Be7 13. 0-0 0-0 14. Rfe1 Nd7 15. Bg3 Nc5 16. Bc4 Nb6 17. Bf1 Re8 18. Rad1 Nba4 19. Rd2 b5 20. Nc6 Bf6 21. Be5 Bxe5 22. Nfxe5 f6 23. Ne7+ Kf8 24. Nxc8 Raxc8 25. Nf3 e5 26. g3 Red8 27. Red1 Rxd2 28. Rxd2 Ke7 29. Be2 Rd8 30. Rc2 Ne6 31. Ne1 e4 32. Ng2 f5 33. f3 Nac5 34. fxe4 Nxe4 35. Ne1 g5 36. Nd3 h5 37. Nb4 Rd6 38. a4 a5 39. Nd3 bxa4 40. Ne5 Kf6 41. Nc4 Rd8 42. Nxa5 g4 43. Nc6 Rd6 44. Nb4 f4 45. gxf4 Nxf4 46. c4 Nc5 47. Kf2 Kg5 48. Bf1 h4 49. Be2 Rf6 50. Ke1 Ng2+ 51. Kd2 Nb3+ 52. Kc3 Ne1 53. Nd5 Rf2 54. Rd2 Nc5 55. Kb4 Ne4 0-1

[Event "Olympiad-32"]
[Site "Yerevan"]
[Date "1996.09.23"]
[Round "7.3"]
[White "Jones, Iolo Cerredig"]
[Black "Freyre Forest, Jorge"]
[Result "1/2-1/2"]
[WhiteElo "2230"]
[BlackElo "2235"]
[PlyCount "36"]
[EventDate "1996.09.15"]
[EventType "team-swiss"]
[EventRounds "14"]
[EventCountry "ARM"]
[SourceTitle "CBM 055"]
[Source "ChessBase"]
[SourceDate "1996.12.01"]
[SourceVersion "1"]
[SourceVersionDate "1996.12.01"]
[SourceQuality "1"]
[WhiteTeam "Wales"]
[BlackTeam "Puerto Rico"]
[WhiteTeamCountry "WLS"]
[BlackTeamCountry "PUR"]

1. d4 Nf6 2. Nf3 g6 3. Bg5 Bg7 4. Nbd2 0-0 5. e3 d6 6. Bc4 Nbd7 7. 0-0 c6 8. c3 Qc7 9. Bb3 e5 10. dxe5 dxe5 11. Nc4 h6 12. Bxf6 Bxf6 13. Qd6 Qxd6 14. Nxd6 Nc5 15. Nxc8 Raxc8 16. Bc2 Rfd8 17. Rfd1 Kf8 18. Kf1 Ke7 1/2-1/2

[Event "Olympiad-32"]
[Site "Yerevan"]
[Date "1996.09.16"]
[Round "1.3"]
[White "Renet, Olivier"]
[Black "Freyre Forest, Jorge"]
[Result "1-0"]
[WhiteElo "2505"]
[BlackElo "2235"]
[PlyCount "65"]
[EventDate "1996.09.15"]
[EventType "team-swiss"]
[EventRounds "14"]
[EventCountry "ARM"]
[SourceTitle "CBM 055"]
[Source "ChessBase"]
[SourceDate "1996.12.01"]
[SourceVersion "1"]
[SourceVersionDate "1996.12.01"]
[SourceQuality "1"]
[WhiteTeam "France"]
[BlackTeam "Puerto Rico"]
[WhiteTeamCountry "FRA"]
[BlackTeamCountry "PUR"]

1. d4 Nf6 2. Nf3 d6 3. g3 g6 4. Bg2 Bg7 5. 0-0 0-0 6. c4 c6 7. Nc3 Be6 8. d5 Bd7 9. e4 Qc8 10. Re1 Bg4 11. Bg5 h6 12. Be3 Na6 13. Qd2 Kh7 14. Rac1 c5 15. Nh4 Bh3 16. f4 Bxg2 17. Kxg2 Nc7 18. Bg1 a6 19. e5 Nfe8 20. Qd3 dxe5 21. fxe5 b6 22. b4 cxb4 23. Na4 Qb7 24. Nxb6 Rd8 25. Qe4 Na8 26. Na4 Qd7 27. Nc5 Qc8 28. Rf1 Kg8 29. e6 f5 30. Qd3 Kh7 31. g4 Nf6 32. Nxg6 Nxg4 33. Rxf5 1-0

[Event "Olympiad-31"]
[Site "Moscow"]
[Date "1994.12.16"]
[Round "14.3"]
[White "Cuartas, Carlos Enrique"]
[Black "Freyre Forest, Jorge"]
[Result "1-0"]
[WhiteElo "2330"]
[BlackElo "2255"]
[PlyCount "52"]
[EventDate "1994.12.01"]
[EventType "team-swiss"]
[EventRounds "14"]
[EventCountry "RUS"]
[SourceTitle "CBM 045"]
[Source "ChessBase"]
[SourceDate "1995.04.01"]
[SourceVersion "1"]
[SourceVersionDate "1995.04.01"]
[SourceQuality "1"]
[WhiteTeam "Colombia"]
[BlackTeam "Puerto Rico"]
[WhiteTeamCountry "COL"]
[BlackTeamCountry "PUR"]

1. e4 e6 2. d3 d5 3. Nd2 c5 4. Ngf3 Nc6 5. g3 g6 6. Bg2 Bg7 7. 0-0 Nge7 8. Re1 0-0 9. c3 b6 10. e5 Qc7 11. Qe2 Bb7 12. Nf1 d4 13. c4 Kh8 14. Bf4 Ng8 15. h4 Bh6 16. Bg5 Bxg5 17. hxg5 h6 18. N1h2 Qe7 19. Qd2 hxg5 20. Nxg5 Kg7 21. Ng4 Qc7 22. Qf4 Nce7 23. Qxf7+ Rxf7 24. Nxe6+ Kh8 25. Nxc7 Bxg2 26. Kxg2 Nf5 1-0

[Event "Olympiad-31"]
[Site "Moscow"]
[Date "1994.12.04"]
[Round "4.2"]
[White "Rahman, Wali"]
[Black "Freyre Forest, Jorge"]
[Result "0-1"]
[WhiteElo "2205"]
[BlackElo "2255"]
[PlyCount "70"]
[EventDate "1994.12.01"]
[EventType "team-swiss"]
[EventRounds "14"]
[EventCountry "RUS"]
[SourceTitle "CBM 045"]
[Source "ChessBase"]
[SourceDate "1995.04.01"]
[SourceVersion "1"]
[SourceVersionDate "1995.04.01"]
[SourceQuality "1"]
[WhiteTeam "Zimbabwe"]
[BlackTeam "Puerto Rico"]
[WhiteTeamCountry "ZIM"]
[BlackTeamCountry "PUR"]

1. e4 e6 2. d4 d5 3. Nd2 Nf6 4. e5 Nfd7 5. Bd3 c5 6. c3 Nc6 7. Ne2 cxd4 8. cxd4 f6 9. Nf4 Nxd4 10. Qh5+ Ke7 11. Ng6+ hxg6 12. exf6+ Nxf6 13. Qxh8 Kf7 14. Qh4 e5 15. Nf3 Nxf3+ 16. gxf3 Bf5 17. Bxf5 gxf5 18. Bg5 Be7 19. 0-0-0 f4 20. Kb1 Qd7 21. Rhe1 Qf5+ 22. Ka1 Rd8 23. Rc1 Rc8 24. Bxf6 Bxf6 25. Qg4 Qxg4 26. fxg4 Rxc1+ 27. Rxc1 e4 28. Kb1 f3 29. Rc7+ Kg6 30. Kc1 e3 31. Rc2 d4 32. fxe3 dxe3 33. Kd1 Bh4 34. Rc1 e2+ 35. Kd2 Bg5+ 0-1

[Event "Olympiad-31"]
[Site "Moscow"]
[Date "1994.12.02"]
[Round "2.3"]
[White "Freyre Forest, Jorge"]
[Black "Mossong, Hubert"]
[Result "0-1"]
[WhiteElo "2255"]
[BlackElo "2275"]
[PlyCount "86"]
[EventDate "1994.12.01"]
[EventType "team-swiss"]
[EventRounds "14"]
[EventCountry "RUS"]
[SourceTitle "CBM 045"]
[Source "ChessBase"]
[SourceDate "1995.04.01"]
[SourceVersion "1"]
[SourceVersionDate "1995.04.01"]
[SourceQuality "1"]
[WhiteTeam "Puerto Rico"]
[BlackTeam "Luxembourg"]
[WhiteTeamCountry "PUR"]
[BlackTeamCountry "LUX"]

1. e4 c5 2. c3 Nf6 3. e5 Nd5 4. d4 cxd4 5. Nf3 e6 6. cxd4 b6 7. Nc3 Nxc3 8. bxc3 Qc7 9. Bd2 d6 10. Bb5+ Bd7 11. Qe2 Bxb5 12. Qxb5+ Qd7 13. a4 Nc6 14. 0-0 d5 15. c4 Ne7 16. Rfc1 dxc4 17. Rxc4 Nd5 18. Ng5 Be7 19. Ne4 a6 20. Qb3 0-0 21. Rac1 Rfc8 22. Rxc8+ Rxc8 23. Rxc8+ Qxc8 24. Nc3 Nxc3 25. Bxc3 Qc6 26. g3 b5 27. axb5 Qxb5 28. Qxb5 axb5 29. Bb2 Kf8 30. Kf1 Ke8 31. Ke2 Kd7 32. Kd3 Kc6 33. f4 Kd5 34. g4 g6 35. Bc1 b4 36. Bb2 Bd8 37. Bc1 Bb6 38. Bb2 Bd8 39. Bc1 Bh4 40. Bb2 Bf2 41. h3 Bg3 42. Bc1 b3 43. Ke3 Kc4 0-1

[Event "Olympiad-29"]
[Site "Novi Sad"]
[Date "1990.11.21"]
[Round "5"]
[White "Freyre Forest, Jorge"]
[Black "Rodgaard, John"]
[Result "0-1"]
[WhiteElo "2240"]
[BlackElo "2360"]
[PlyCount "82"]
[EventDate "1990.11.17"]
[EventType "team-swiss"]
[EventRounds "14"]
[EventCountry "YUG"]
[SourceTitle "EXT 2019"]
[Source "ChessBase"]
[SourceDate "2018.10.10"]
[SourceVersion "1"]
[SourceVersionDate "2018.10.10"]
[SourceQuality "1"]
[WhiteTeam "Puerto Rico"]
[BlackTeam "Faroe Islands"]
[WhiteTeamCountry "PUR"]
[BlackTeamCountry "FAI"]

1. e4 e6 2. d4 d5 3. Nc3 Bb4 4. Nge2 dxe4 5. a3 Be7 6. Nxe4 Nf6 7. Qd3 Nc6 8. Bf4 0-0 9. 0-0-0 Nd5 10. Bd2 Rb8 11. c4 Nb6 12. Bf4 e5 13. dxe5 Qxd3 14. Rxd3 Nxc4 15. e6 Bxe6 16. Bxc7 N6e5 17. Rc3 Rbc8 18. Bxe5 Nxe5 19. Nd4 Rxc3+ 20. Nxc3 Bc8 21. f4 Ng4 22. Be2 Bc5 23. Nc2 Rd8 24. Bf3 Nf2 25. Rf1 Nd3+ 26. Kb1 Nxf4 27. g3 Ne6 28. Nd5 h6 29. b4 Bf8 30. Nce3 g6 31. g4 Kg7 32. h4 Bd6 33. Be4 Nc7 34. Nf6 Nb5 35. Ka2 Be6+ 36. Bd5 Nc3+ 37. Kb3 Nxd5 38. Nfxd5 Bg3 39. Rd1 Bxh4 40. Kc4 Bg5 41. Rf1 Bxe3 0-1

[Event "Olympiad-29"]
[Site "Novi Sad"]
[Date "1990.11.18"]
[Round "2"]
[White "Freyre Forest, Jorge"]
[Black "Hellers, Ferdinand"]
[Result "0-1"]
[WhiteElo "2240"]
[BlackElo "2520"]
[PlyCount "114"]
[EventDate "1990.11.17"]
[EventType "team-swiss"]
[EventRounds "14"]
[EventCountry "YUG"]
[SourceTitle "EXT 2019"]
[Source "ChessBase"]
[SourceDate "2018.10.10"]
[SourceVersion "1"]
[SourceVersionDate "2018.10.10"]
[SourceQuality "1"]
[WhiteTeam "Puerto Rico"]
[BlackTeam "Sweden"]
[WhiteTeamCountry "PUR"]
[BlackTeamCountry "SWE"]

1. e4 c5 2. c3 d5 3. exd5 Qxd5 4. d4 Nf6 5. Nf3 Nc6 6. Be2 cxd4 7. cxd4 e6 8. Nc3 Qd6 9. 0-0 Be7 10. Bg5 0-0 11. Qd2 b6 12. Rfd1 Bb7 13. Bf4 Qd8 14. Ne5 Na5 15. Qe3 Rc8 16. Qg3 Ne4 17. Qe3 Nxc3 18. bxc3 f6 19. Nf3 Qd5 20. Ne1 Rfd8 21. Bf3 Qc4 22. Be2 Qd5 23. Bf3 Qd7 24. Bxb7 Nxb7 25. Nf3 Na5 26. Rd3 Qd5 27. Nd2 Rc6 28. Qe4 Rdc8 29. Qxd5 exd5 30. Re1 Bf8 31. Nb1 Nc4 32. Kf1 b5 33. Re2 Kf7 34. h4 Ra6 35. Rd1 Rac6 36. g3 Nb6 37. Rb2 a6 38. Re2 Na4 39. Bd2 Bd6 40. Be1 Bc7 41. Rd3 Re8 42. Rf3 Ba5 43. Rxe8 Kxe8 44. Re3+ Kd7 45. Ke2 Nb2 46. Rf3 Rc4 47. Bd2 Ra4 48. a3 Nc4 49. Bc1 Bd8 50. Rf5 Ke6 51. Rh5 h6 52. g4 Be7 53. g5 hxg5 54. hxg5 fxg5 55. Bxg5 Bxa3 56. Bf4 Bd6 57. Bxd6 Kxd6 0-1